00302nam a2200109 450000500170000002000180001708200140003508400250004910000180007424500560009226000440014820260119143435.0 a9781647404956 a572.8 JAC 2Colon Classification aJackson, John aAdvances in Gene Function Prediction/cJohn Jackson aUSA:bSyrawood Publishing House,c2025.